Music Quiz

Random Music or Artist Quiz

🍁 The Top 100 Canadian Singles Quiz Stats

 Plays Quiz not verified by Sporcle

Score 0/100 Timer 12:00
0 Plays Today
# Artist % Correct
4Bryan Adams
93.9%
63Bryan Adams
93.9%
85Bryan Adams
93.9%
99Bryan Adams
93.9%
2Neil Young
84.6%
52Neil Young
84.6%
57Neil Young
84.6%
73Neil Young
84.6%
93Neil Young
84.6%
70Celine Dion
83.1%
12Rush
79%
25Rush
79%
35Rush
79%
6Steppenwolf
78.8%
68Steppenwolf
78.8%
1The Guess Who
77.7%
18The Guess Who
77.7%
37The Guess Who
77.7%
91The Guess Who
77.7%
8Bachman Turner Overdrive
74.5%
77Bachman Turner Overdrive
74.5%
11Joni Mitchell
68.5%
61Joni Mitchell
68.5%
81Joni Mitchell
68.5%
30Barenaked Ladies
67.9%
53Alanis Morissette
67.7%
5Leonard Cohen
64.6%
16Leonard Cohen
64.6%
3The Band
62.6%
21The Band
62.6%
41Men Without Hats
61.8%
7Gordon Lightfoot
57.7%
15Gordon Lightfoot
57.7%
19Gordon Lightfoot
57.7%
# Artist % Correct
45Corey Hart
56.4%
49Alannah Myles
47.9%
46Loverboy
47.2%
17Tom Cochrane
45.7%
10Anne Murray
44.2%
56k.d. lang
42.3%
14Tragically Hip
39%
60Tragically Hip
39%
64Tragically Hip
39%
87Tragically Hip
39%
54Feist
38.5%
29Arcade Fire
34.9%
55Arcade Fire
34.9%
50Terry Jacks
32.3%
94Paul Anka
26.8%
86Stompin' Tom Connors
25.2%
47Trooper
24.6%
82Trooper
24.6%
13Blue Rodeo
24.2%
39Blue Rodeo
24.2%
65Blue Rodeo
24.2%
76Blue Rodeo
24.2%
59Bruce Cockburn
23.5%
78Bruce Cockburn
23.5%
71k-os
21.4%
38Five Man Electrical Band
21.2%
20Sloan
20.8%
34Sloan
20.8%
69Sloan
20.8%
79April Wine
18.2%
27Martha and the Muffins
17.6%
28Stampeders
16.8%
22Maestro Fresh Wes
15.1%
89Spirit of The West
14.6%
# Artist % Correct
32The Pursuit Of Happiness
14.2%
75Payola$
12.5%
72The Kings
11.6%
9Ian and Sylvia
11.3%
26Rough Trade
11%
43Lighthouse
10.7%
48Parachute Club
10.7%
83Lighthouse
10.7%
66Hank Snow
9.1%
96The Spoons
7.4%
90New Pornographers
7%
100Wintersleep
6.8%
36Teenage Head
5.9%
80Teenage Head
5.9%
25Crowbar
5.8%
44A Foot In Coldwater
5.1%
42Rheostatics
4.3%
95Daniel Lanois
3.3%
23The Diodes
3.2%
88Gilles Vigneault
3.2%
51Malajube
2.7%
98Ron Sexsmith
2.6%
67Harmonium
2.5%
31Robert Charlebois
2.4%
40Ron Hynes
2.3%
92Mashmakhan
2.2%
58Michel Pagliaro
2.2%
97Beau Dommage
2.2%
62The Demics
1.5%
84Jean-Pierre Ferland
1.5%
74Jean Leloup
1.3%
33Ugly Ducklings
1.2%

You're not logged in!

Compare scores with friends on all Sporcle quizzes.
OR
Log In

Sporcle TV

Today on Sporcle TV


Watch our educational content, quiz creation guides, and fun videos on Sporcle TV.

Show Comments

Extras

Top Quizzes Today


Score Distribution

Your Account Isn't Verified!

In order to create a playlist on Sporcle, you need to verify the email address you used during registration. Go to your Sporcle Settings to finish the process.

Report this User

Report this user for behavior that violates our Community Guidelines.

Details: